Úspešný e-shop? Vôbec to nie len o cene produktov Marek Čičmanec z Mall. sk

Rozhovor s Marekom Čičmancom, raditeľom spoločnosti Mall.sk, o aktuálnom trende rozvoja e-schopov na Slovensku.

Na minha lista:
Detalhes bibliográficos
Autor principal: Nemčok, Peter
Outros Autores: Čičmanec, Marek
Formato: Capítulo de Livro
Idioma:eslovaco
Assuntos:
Tags: Adicionar Tag
Sem tags, seja o primeiro a adicionar uma tag!

MARC

LEADER 00000naa a2200000 4500
001 0206253
005 20230912114550.6
041 0 |a slo 
044 |a SK 
245 1 0 |a Úspešný e-shop? Vôbec to nie len o cene produktov  |b Marek Čičmanec z Mall. sk  |c Peter Nemčok, Marek Čičmanec 
520 |a Rozhovor s Marekom Čičmancom, raditeľom spoločnosti Mall.sk, o aktuálnom trende rozvoja e-schopov na Slovensku. 
610 2 0 |a rozhovor 
610 2 0 |a riaditelia 
610 2 0 |a obchod elektronický 
610 2 0 |a podnikanie elektronické 
610 2 0 |a komunikácia elektronická 
610 2 0 |a zákazníci 
100 1 |a Nemčok, Peter 
700 1 |a Čičmanec, Marek